European Journal of Pediatric Surgery

Dades bibliogràfiques
Format: Electrònic Revista
Idioma:English
Publicat: Cambridge University Press
Accés en línia:Full text available on Research4Life (HINARI,AGORA,OARE,ARDI & GOALI)
LEADER 00984cas a2200181 a 4500
001 AALejournalResearch4Life002621
008 240902c9999 xx r poo 0 0eng d
022 |a 0939-7248 
022 |a 1439-359X 
040 |a BD-DhAAL  |c BD-DhAAL 
245 0 0 |h [electronic resource]  |a European Journal of Pediatric Surgery 
260 |b Cambridge University Press 
300 |a 1 online resource 
362 0 |a v. 10:6 (2000) - current issue 
500 |a <strong>On-Campus Access Only (IP based access)</strong> 
506 |a Electronic access restricted to authorized BRAC University faculty, staff and students 
538 |a Mode of access: Internet 
856 4 0 |z Full text available on Research4Life (HINARI,AGORA,OARE,ARDI & GOALI)  |u https://profile.thieme.de/HTML/sso/ejournals/shibboleth.htm?federationid=http%3A%2F%2Fukfederation.org.uk&entityid=http%3A%2F%2Fstsr4l.who.int%2Fadfs%2Fservices%2Ftrust&hook_url=https%3A%2F%2Fwww.thieme-connect.de%2Fproducts%2Fejournals%2Fjournal%2F10.1055%2Fs-00000015